Norbert Elias (Record no. 480765)

MARC details
000 -LEADER
fixed length control field 01537cam a2200409 a 4500
001 - CONTROL NUMBER
control field EDZ0000117226
003 - CONTROL NUMBER IDENTIFIER
control field StDuBDS
005 - DATE AND TIME OF LATEST TRANSACTION
control field 20161031105150.0
006 - FIXED-LENGTH DATA ELEMENTS--ADDITIONAL MATERIAL CHARACTERISTICS--GENERAL INFORMATION
fixed length control field m||||||||d||||||||
007 - PHYSICAL DESCRIPTION FIXED FIELD--GENERAL INFORMATION
fixed length control field cr |||||||||||
008 - FIXED-LENGTH DATA ELEMENTS--GENERAL INFORMATION
fixed length control field 130111s2003 enkc fo| 000|0|eng d
020 ## - INTERNATIONAL STANDARD BOOK NUMBER
International Standard Book Number 9781446262696 (ebook) :
Terms of availability No price
040 ## - CATALOGING SOURCE
Original cataloging agency StDuBDS
Language of cataloging eng
Transcribing agency StDuBDS
Description conventions pn
041 0# - LANGUAGE CODE
Language code of text/sound track or separate title eng
-- ger
-- fre
049 ## - LOCAL HOLDINGS (OCLC)
Holding library Alfaisal Main Library
050 #0 - LIBRARY OF CONGRESS CALL NUMBER
Classification number HM585
Item number .N67 2003
082 04 - DEWEY DECIMAL CLASSIFICATION NUMBER
Classification number 301
Edition number 23
245 00 - TITLE STATEMENT
Title Norbert Elias
Medium [electronic resource] /
Statement of responsibility, etc edited by Eric Dunning & Stephen Mennell.
260 ## - PUBLICATION, DISTRIBUTION, ETC. (IMPRINT)
Place of publication, distribution, etc London :
Name of publisher, distributor, etc SAGE,
Date of publication, distribution, etc 2003.
300 ## - PHYSICAL DESCRIPTION
Extent 1 online resource (4 v.) :
Other physical details ports.
490 1# - SERIES STATEMENT
Series statement SAGE masters of modern social thought
520 8# - SUMMARY, ETC.
Summary, etc This work provides a comprehensive and penetrating survey of Elias's life and work. It pinpoints the main fields of research which Elias and his followers have explored.
521 ## - TARGET AUDIENCE NOTE
Target audience note Specialized.
546 ## - LANGUAGE NOTE
Language note Text in English with some chapters in German and French.
588 ## -
-- Description based on print version record.
504 ## - BIBLIOGRAPHY, ETC. NOTE
Bibliography, etc Includes bibliographical references.
600 10 - SUBJECT ADDED ENTRY--PERSONAL NAME
Personal name Elias, Norbert,
Dates associated with a name 1897-1990.
650 #0 - SUBJECT ADDED ENTRY--TOPICAL TERM
Topical term or geographic name as entry element Sociology.
655 #7 - INDEX TERM--GENRE/FORM
Genre/form data or focus term Electronic books.
Source of term local
700 1# - ADDED ENTRY--PERSONAL NAME
Personal name Dunning, Eric.
700 1# - ADDED ENTRY--PERSONAL NAME
Personal name Mennell, Stephen.
710 2# - ADDED ENTRY--CORPORATE NAME
Corporate name or jurisdiction name as entry element Sage eBooks
776 08 - ADDITIONAL PHYSICAL FORM ENTRY
Display text Print version :
International Standard Book Number 9780761974574
830 #0 - SERIES ADDED ENTRY--UNIFORM TITLE
Uniform title SAGE masters of modern social thought.
856 40 - ELECTRONIC LOCATION AND ACCESS
Uniform Resource Identifier <a href="http://ezproxy.alfaisal.edu/login?url=http://sk.sagepub.com/navigator/norbert-elias">http://ezproxy.alfaisal.edu/login?url=http://sk.sagepub.com/navigator/norbert-elias</a>
942 ## - ADDED ENTRY ELEMENTS (KOHA)
Source of classification or shelving scheme Library of Congress Classification
Koha item type eBooks

No items available.

Copyright © 2020 Alfaisal University Library. All Rights Reserved.
Tel: +966 11 2158948 Fax: +966 11 2157910 Email:
librarian@alfaisal.edu